Music Quiz

Random Music or Billboard Quiz

Top 25 Pop Artists of the 1960s Quiz Stats

 Plays Quiz not verified by Sporcle

Challenge
Share
Tweet
Embed
Score 0/25 Timer 06:00
0 Plays Today
Rank | Points Artist % Correct
1 - 4,490The Beatles
98.4%
13 - 1,668The Rolling Stones
92%
2 - 4,015Elvis Presley
81.9%
5 - 2,425The Supremes
76.1%
7 - 2,194The Beach Boys
64.4%
16 - 1,663The Temptations
59%
19 - 1,476Aretha Franklin
47.9%
10 - 1,969Marvin Gaye
46.3%
6 - 2,278The Four Seasons
45.7%
9 - 2,119James Brown
38.8%
3 - 2,581Ray Charles
37.8%
18 - 1,608The Miracles
28.7%
8 - 2,177Connie Francis
27.7%
Rank | Points Artist % Correct
21 - 1,466Dion
27.7%
14 - 1,667Roy Orbison
26.6%
23 - 1,459Sam Cooke
25%
4 - 2,502Brenda Lee
23.9%
12 - 1,805Chubby Checker
20.7%
11 - 1,834Bobby Vinton
20.2%
25 - 1,428Ricky Nelson
18.6%
22 - 1,465Bobby Darin
16.5%
20 - 1,476Bobby Vee
14.9%
24 - 1,459Dionne Warwick
14.4%
15 - 1,663Jackie Wilson
11.2%
17 - 1,631Brook Benton
6.9%

You're not logged in!

Compare scores with friends on all Sporcle quizzes.
Join for Free
OR
Log In

You Might Also Like...

Show Comments

Extras

Top Quizzes Today


Score Distribution

Your Account Isn't Verified!

In order to create a playlist on Sporcle, you need to verify the email address you used during registration. Go to your Sporcle Settings to finish the process.

Report this User

Report this user for behavior that violates our Community Guidelines.

Details: